000
003400000a22001570004500
005
20120302064143.0
942
_c
BOOK
100
_a
Ramdas swami
245
_a
Atmaram
250
_a
5th
260
_a
Satara:Shrisamartha seva mandal
300
_a
58p.
040
_a
Mar
365
_b
2.50/-
650
_a
Atmaram (Artha-Vivaranasaha)
999
_c
361419
_d
361416